000 00750nam a2200241Ia 4500
003 OSt
005 20220927105126.0
006 a|||||r|||| 00| 0
007 ta
008 220926b |||||||| |||| 00| 0 eng d
024 _a155075
037 _cReference Collections
040 _aRTL
_cRTL
_beng
041 _2eng
_aeng
082 _a"X : 2. 1 . N80, MO .8 (1)"
110 _aUNITED STATES INFORMATION AGENCY .
_9370359
245 0 _aInternational economic perspectives .
260 _aUnited
_bstates U . S
_c1980
300 _avarious pages
_ccm.
700 _aUNITED STATES INFORMATION AGENCY .
_9370360
942 _h"X : 2. 1 . N80, MO .8 (1)"
_cCC
999 _c690795
_d690795